<?xml version="1.0" encoding="UTF-8"?>
<collection xmlns="http://www.loc.gov/MARC21/slim">
 <record>
  <leader>01707nam a2200241Ia 4500</leader>
  <controlfield tag="001">CTU_100467</controlfield>
  <controlfield tag="008">210402s9999    xx            000 0 und d</controlfield>
  <datafield tag="020" ind1=" " ind2=" ">
   <subfield code="c">400000</subfield>
  </datafield>
  <datafield tag="082" ind1=" " ind2=" ">
   <subfield code="a">363.739</subfield>
  </datafield>
  <datafield tag="082" ind1=" " ind2=" ">
   <subfield code="b">R139</subfield>
  </datafield>
  <datafield tag="100" ind1=" " ind2=" ">
   <subfield code="a">Rafson, Harold J.</subfield>
  </datafield>
  <datafield tag="245" ind1=" " ind2="0">
   <subfield code="a">Brownfields :</subfield>
  </datafield>
  <datafield tag="245" ind1=" " ind2="0">
   <subfield code="b">Redeveloping environmentally distressed properties</subfield>
  </datafield>
  <datafield tag="245" ind1=" " ind2="0">
   <subfield code="c">Harold J. Rafson, Robert N. Rafson</subfield>
  </datafield>
  <datafield tag="260" ind1=" " ind2=" ">
   <subfield code="a">New York</subfield>
  </datafield>
  <datafield tag="260" ind1=" " ind2=" ">
   <subfield code="b">McGraw-Hill</subfield>
  </datafield>
  <datafield tag="260" ind1=" " ind2=" ">
   <subfield code="c">1999</subfield>
  </datafield>
  <datafield tag="520" ind1=" " ind2=" ">
   <subfield code="a">This ready-to-use, how-to manual--edited by active developers who have bought, remediated, and sold brownfields--gives you a commanding look at one of today's leading environmental issues. Filled with the latest hands-on tools, Harold and Robert Rafson's step-by-step book simplifies the task of removing the barriers to redevelopment that plague environmentally distressed properties.  Brownfields goes beyond the legal and technical issues that preoccupy other current books, to focus on all the critical aspects of putting together a successful brownfields project--mortgages, marketing, and more. Complete with case studies drawn from the authors' own experience, this guide is required reading not just for owners or developers, but for every stakeholder--from environmental regulators, to bankers, realtors and prospective buyers.</subfield>
  </datafield>
  <datafield tag="650" ind1=" " ind2=" ">
   <subfield code="a">Brownfields,Brownfields,Real estate development,Hazardous waste site remediation,Hazardous waste site remediation,Real estate development</subfield>
  </datafield>
  <datafield tag="650" ind1=" " ind2=" ">
   <subfield code="x">Illinois,Environmental aspects,Illinois,Environmental aspects,Illinois</subfield>
  </datafield>
  <datafield tag="650" ind1=" " ind2=" ">
   <subfield code="z">United states,Chicago,United states,United states,Chicago,Chicago</subfield>
  </datafield>
  <datafield tag="904" ind1=" " ind2=" ">
   <subfield code="i">Giang</subfield>
  </datafield>
  <datafield tag="980" ind1=" " ind2=" ">
   <subfield code="a">Trung tâm Học liệu Trường Đại học Cần Thơ</subfield>
  </datafield>
 </record>
</collection>
